书目信息 |
| 题名: |
常用低压电器原理及其控制技术
|
|
| 作者: | 王仁祥 编著 | |
| 分册: | ||
| 出版信息: | 北京 机械工业出版社 2001.08 |
|
| 页数: | 233页 | |
| 开本: | 26cm | |
| 丛书名: | ||
| 单 册: | ||
| 中图分类: | TM52 | |
| 科图分类: | ||
| 主题词: | 低压电器 | |
| 电子资源: | ||
| ISBN: | 7-111-08994-4 | |
| 000 | 00596nam0 2200193 45 | |
| 001 | 0239027321 | |
| 005 | 2002041110502632 | |
| 010 | @a7-111-08994-4@dRMB 25.00 | |
| 100 | @a20020411d2001 km y0chiy0120 ea | |
| 101 | 0 | @achi |
| 102 | @aCN@b110000 | |
| 200 | 1 | @a常用低压电器原理及其控制技术@AChang Yong Di Ya Dian Qi Yuan Li Ji Qi Kong Zhi Ji Shu@f王仁祥编著@FWang Ren Xiang Bian Zhu |
| 210 | @a北京@c机械工业出版社@d2001.08 | |
| 215 | @a233页@d26cm | |
| 606 | 0 | @a低压电器 |
| 690 | @aTM52@v3 | |
| 701 | 0 | @a王仁祥@AWang Ren Xiang@4编著 |
| 801 | 0 | @aCN@bPFT@c20020411 |
| 905 | @a安徽大学@dTM52@eW327 | |
| 常用低压电器原理及其控制技术/王仁祥编著.-北京:机械工业出版社,2001.08 |
| 233页;26cm |
| ISBN 7-111-08994-4:RMB 25.00 |
| ● |
| 相关链接 |
|
|
|
正题名:常用低压电器原理及其控制技术
索取号:TM52/W327
 
预约/预借
| 序号 | 登录号 | 条形码 | 馆藏地/架位号 | 状态 | 备注 |
| 1 | 353459 | 203534595 | 自科库301/301自科库 12排4列2层/ [索取号:TM52/W327] | 在馆 | |
| 2 | 353460 | 203534602 | 自科库301/301自科库 12排4列2层/ [索取号:TM52/W327] | 在馆 |